Implicancias y alcances de la responsabilidad civil en cuestiones informáticas (Registro nro. 5894)

Detalles MARC
000 -LEADER
fixed length control field 01383 a2200229 4500
001 - CONTROL NUMBER
control field 55171
005 - DATE AND TIME OF LATEST TRANSACTION
control field 20260407155826.0
008 - FIXED-LENGTH DATA ELEMENTS--GENERAL INFORMATION
fixed length control field 260407a2018 arg spa d
003 - CONTROL NUMBER IDENTIFIER
control field AR-UNSa-BCEJYS
040 ## - CATALOGING SOURCE
Original cataloging agency AR-UNSa-BCEJYS
Language of cataloging spa
Transcribing agency AR-UNSa-BCEJYS
080 ## - UNIVERSAL DECIMAL CLASSIFICATION NUMBER
Universal Decimal Classification number 347.51
Common auxiliary subdivision Responsabilidad civil en general
020 ## - INTERNATIONAL STANDARD BOOK NUMBER
International Standard Book Number 978-987-698-226-9
041 ## - LANGUAGE CODE
Language code of text/sound track or separate title spa
100 1# - MAIN ENTRY--PERSONAL NAME
Personal name Safar, Elizabeth
245 10 - TITLE STATEMENT
Title Implicancias y alcances de la responsabilidad civil en cuestiones informáticas
264 #1 - PRODUCTION, PUBLICATION, DISTRIBUTION, MANUFACTURE, AND COPYRIGHT NOTICE
Place of production, publication, distribution, manufacture Salta :
Name of producer, publisher, distributor, manufacturer Mundo Gráfico Salta
Date of production, publication, distribution, manufacture, or copyright notice 2018
300 ## - PHYSICAL DESCRIPTION
Extent 119 p.
Dimensions 20 cm.
505 ## - FORMATTED CONTENTS NOTE
Formatted contents note 1. Introducción - 2. Principios fundamentales de la responsabilidad civil - 3. Referencia a las normas sobre responsabilidad en el ámbito informático en el derecho, comparado especialmente en América del Sur - 4. Protección jurídica de las bases de datos personales - 5. Situaciones en las que se encuentran involucradas personas menores de edad - 6. La importancia de la libertad de prensa en relación a la utilización de "buscadores" y redes sociales - 7. Análisis jurisprudencial sobre la protección de datos personales, libertad de expansión, derecho a la imagen y derecho de honor - 8. Derecho al olvido - 9. Conclusiones
590 ## - LOCAL NOTE (RLIN)
Local note niveau_biblio:m niveau_hierar:0
856 41 - ELECTRONIC LOCATION AND ACCESS
Uniform Resource Identifier <a href="https://biblioeco.unsa.edu.ar/pmb/images/libros/L128561.jpg">https://biblioeco.unsa.edu.ar/pmb/images/libros/L128561.jpg</a>
Link text Imagen de portada
Electronic format type image/jpeg
942 ## - ADDED ENTRY ELEMENTS (KOHA)
Koha item type
Existencias
Withdrawn status Lost status Damaged status Not for loan Home library Current library Shelving location Date acquired Total checkouts Full call number Barcode Date last seen Price effective from Koha item type
        Biblioteca Prof. Eusebio Cleto del Rey Biblioteca Prof. Eusebio Cleto del Rey   07/04/2026   347.51 S128 L128558 07/04/2026 07/04/2026 Libro
        Biblioteca Prof. Eusebio Cleto del Rey Biblioteca Prof. Eusebio Cleto del Rey   07/04/2026   347.51 S128 L128559 07/04/2026 07/04/2026 Libro
        Biblioteca Prof. Eusebio Cleto del Rey Biblioteca Prof. Eusebio Cleto del Rey   07/04/2026   347.51 S128 L128560 07/04/2026 07/04/2026 Libro
        Biblioteca Prof. Eusebio Cleto del Rey Biblioteca Prof. Eusebio Cleto del Rey   07/04/2026   347.51 S128 L128561 07/04/2026 07/04/2026 Libro